000 01319cam a2200337 a 4500
001 1197982
003 OSt
005 20141105130147.0
008 980331s1998 nyu b 001 0 eng
010 _a 98019805
020 _a0312216718 (cloth)
040 _aDLC
_cDLC
_dDLC
043 _ad------
050 0 0 _aHC59.7
_b.R348 1998
082 0 0 _a337.172
_221
_bRED 1998
245 0 0 _aRedefining the third world /
_cedited by Nana Poku and Lloyd Pettiford ; foreword by Peter Vale.
260 _aNew York, N.Y. :
_bSt. Martin's Press,
_c1998.
300 _axxii, 225 p. ;
_c23 cm.
440 0 _aInternational political economy series
_9970
504 _aIncludes bibliographical references and index.
651 0 _aDeveloping countries
_xEconomic conditions.
_91026
651 0 _aDeveloping countries
_xForeign economic relations.
_91025
651 0 _aDeveloping countries
_xForeign relations.
_91797
651 0 _aDeveloping countries
_xCivilization.
_91798
700 1 _aPoku, Nana,
_d1971-
_91007
700 1 _aPettiford, Lloyd,
_d1966-
_91799
856 7 _3Table of contents
_uhttp://lcweb.loc.gov/catdir/toc/98-19805.html
_2http
906 _a7
_bcbc
_corignew
_d1
_eocip
_f19
_gy-gencatlg
942 _2ddc
_cSLOAN
999 _c684
_d684